[Event "CRO-ch U11"]
[Site "Trogir"]
[Date "2019.06.21"]
[Round "7"]
[White "Ivancevic, Filip"]
[Black "Supancic, Fran"]
[Result "1/2-1/2"]
[WhiteElo "1498"]
[BlackElo "1335"]
[PlyCount "48"]
[EventDate "2019.06.17"]
[EventType "swiss"]
[EventRounds "9"]
[EventCountry "CRO"]
[SourceTitle "EXT 2020"]
[Source "ChessBase"]
[SourceDate "2019.10.17"]
[SourceVersion "1"]
[SourceVersionDate "2019.10.17"]
[SourceQuality "1"]

1. d4 d5 2. Bf4 e6 3. e3 b6 4. Nf3 Nf6 5. Bd3 Bb7 6. 0-0 Bd6 7. Bxd6 Qxd6 8. Nbd2 0-0 9. Qe2 Nbd7 10. e4 dxe4 11. Nxe4 Nxe4 12. Bxe4 Bxe4 13. Qxe4 Nf6 14. Qe5 Rac8 15. Qxd6 cxd6 16. c3 d5 17. Ne5 Rc7 18. a4 a6 19. Ra3 Nd7 20. Nxd7 Rxd7 21. f4 g6 22. g4 f5 23. g5 Kg7 24. Re1 Rd6 1/2-1/2